| 000 | 00992nas a2200325 4500 | ||
|---|---|---|---|
| 001 | BR0302541 | ||
| 003 | BR-BrBNA | ||
| 005 | 20231205103817.0 | ||
| 007 | ta | ||
| 008 | 230509b bl.|||p| |||| 00| 00por d | ||
| 040 |
_aBR-BrBNA _bpor _cBiblioteca Nacional de Agricultura |
||
| 041 | _a(En) | ||
| 072 | _aF30; F63 | ||
| 100 | 1 | _aBovi, M.L.A. | |
| 100 | 1 | _aResende, M.D.V. de | |
| 100 | 1 | _aSpiering, S.H. | |
| 245 | 1 | _aGenetic parameters estimation in King palm through a mixed mating system model | |
| 650 | _aPLANTA OLEAGINOSA | ||
| 650 | _aALOGAMIA | ||
| 650 | _aPARÂMETRO GENÉTICO | ||
| 650 | _aAUTOFECUNDAÇÃO | ||
| 650 | _aREPRODUÇÃO VEGETAL | ||
| 650 | _aSELEÇÃO GENÉTICA | ||
| 650 | _aREGRESSÃO LINEAR | ||
| 650 | _aVARIEDADE | ||
| 650 | _aMELHORAMENTO GENÉTICO VEGETAL | ||
| 773 | 0 |
_tHorticultura Brasileira (Brazil) _xISSN 0102-0536 _g(Jan-Mar 2003), v. 21(1) p. 93-98 _wBR0302541 |
|
| 909 |
_a202311 _bLúcia _c55 _dLúcia Elande |
||
| 942 |
_2AGRIS _n0 _cANA |
||
| 999 |
_c174851 _d174851 |
||